Impact of Cultural Heritage on Tourism

Analýza vplyvu kultúrneho dedičstva na cestovný ruch prostredníctvom kvantitatívnych metód - (deskripčná, korelačná a regresná analýza). Záverom je, že medzi premennými existuje štatisticky významná závislosť, t.j. zistenie pozitívneho vplyvu kultúrneho dedičstva na medzinárodné príjmy z cestovného...

Descripción completa

Guardado en:
Detalles Bibliográficos
Autor principal: Čukanová, Miroslava, 1984-
Otros Autores: Krnáčová, Paulína, 1983-
Formato: Capítulo de libro
Lenguaje:inglés
Materias:
Etiquetas: Agregar Etiqueta
Sin Etiquetas, Sea el primero en etiquetar este registro!

MARC

LEADER 00000nla a2200000 4500
001 0245553
005 20240502083654.8
041 0 |a eng 
044 |a CZ 
245 1 0 |a Impact of Cultural Heritage on Tourism 
520 |a Analýza vplyvu kultúrneho dedičstva na cestovný ruch prostredníctvom kvantitatívnych metód - (deskripčná, korelačná a regresná analýza). Záverom je, že medzi premennými existuje štatisticky významná závislosť, t.j. zistenie pozitívneho vplyvu kultúrneho dedičstva na medzinárodné príjmy z cestovného ruchu, a teda aj na HDP na obyvateľa. 
610 2 0 |a ruch cestovný 
610 2 0 |a kultúra 
610 2 0 |a zdroje prírodné 
610 2 0 |a dedičstvo kultúrne 
610 2 0 |a konkurencieschopnosť 
610 2 0 |a metódy kvantitatívne 
100 1 |a Čukanová, Miroslava, 1984- 
700 1 |a Krnáčová, Paulína, 1983-